00909cam a2200229 a 4500001000500000005001700005020001800022040001800040050001600058082001100074100002000085245003900105260003500144300005100179490002200230505000800252520028000260521002100540521002000561650004100581650005700622239820231204114755.0 a9780531259795 aDLCcDLCbeng00aF3429.B849300a985.011 aBurgan, Michael10aAncient Incas /cby Michael Burgan aNew York :bScholastic, c2013 a112 pages bColor illustrations, maps ;c24 cm0 aThe ancient world0 aZ  aTake a journey back in time to witness the development of history's greatest civilizations! Engaging text and eye-catching images teach you about the history, culture, and daily life of each civilization and show you how each civilization continues to affect our world today! a1050 bLexile  aZ bRaz-Plus  0aIncasxHistoryxJuvenile literature. 0aIncasxSocial life and customsvJuvenile literature.